000 00296nam a22001337a 4500
008 171002b xxu||||| |||| 00| 0 eng d
020 _a9780195104226
041 _aeng
080 _a159.9
100 _a48
101 _aPSI
245 _aPSYCHIATRIC DIAGNOSIS
_cGOODWIN, D.W
942 _2udc
_cBK
999 _c31227
_d31227